Biggest City in Each European Country - Statistics

General Stats
  • This quiz has been taken 35 times
  • The average score is 40 of 45
Answer Stats
Country Answer % Correct
Netherlands Amsterdam
100%
Greece Athens
100%
Belgium Brussels
100%
Hungary Budapest
100%
Denmark Copenhagen
100%
Ireland Dublin
100%
Finland Helsinki
100%
Belarus Minsk
100%
Russia Moscow
100%
Norway Oslo
100%
France Paris
100%
Iceland Reykjavik
100%
Italy Rome
100%
Bulgaria Sofia
100%
Austria Vienna
100%
Poland Warsaw
100%
Germany Berlin
97%
Romania Bucharest
97%
Ukraine Kiev
97%
United Kingdom London
97%
Spain Madrid
97%
Monaco Monaco
97%
Sweden Stockholm
97%
Estonia Tallinn
97%
Albania Tirana
97%
Croatia Zagreb
97%
Portugal Lisbon
94%
Czech Republic Prague
94%
Vatican City Vatican City
94%
Andorra Andorra la Vella
91%
Slovakia Bratislava
91%
Slovenia Ljubljana
91%
Luxembourg Luxembourg
91%
Latvia Riga
91%
Macedonia Skopje
91%
Lithuania Vilnius
91%
Switzerland Zurich
91%
Bosnia and Herzegovina Sarajevo
88%
Serbia Belgrade
85%
Montenegro Podgorica
76%
Kosovo Pristina
74%
Moldova Chisinau
71%
Malta Birkirkara
9%
Lietchenstein Schaan
9%
San Marino Serravalle
3%
No matching quizzes found
Score Distribution
Percent of People with Each Score
Percentile by Number Answered
Your Score History
You have not taken this quiz